000 nam a22 a 4500
999 _c139837
_d139837
003 BLK
005 20221012165406.0
008 180409b bul|||||r ||||||| ||bul||
010 _aKNG00145887000
040 _aBLK
041 _aBUL
_cBUL
080 _aБългарска литература
_b821.163.2
_x-93-32
_z821.163.2-93-32
100 1 _aГулева, Анна
_eпърви автор
_9326878
139 _aГулева, Анна
_bГ 92
245 1 0 _aГостенка от Рио Муни
_bРазказ за нач. училищна възраст
_cАнна Гулева; ил. Ада Леон Митрани.
257 _aBGR
260 _bБълг. художник
_c1985
_aСофия
300 _a16 с.
_bс цв. ил.
_c32 см
380 _aDX
500 _aОфс. изд. - 70 120 тир.
653 _aдетска литература
653 _aлитература за деца
700 1 _aМитрани, Ада Леон
_9379331
852 _aЦб II 17893
856 4 _qpdf
856 4 _qpdf
942 _cKNG
_n0
_s1
944 _aCR
_c15.07.2013
_l15.07.2013 - от С1,Р / 15.07.2013
_kРадинела_Гицова
944 _aED
_c15.07.2013
_l15.07.2013 - от С1,Р / 15.07.2013
999 _d139837